Administrative Law (Registro nro. 170378)
[ vista simple ]
| 000 -LEADER | |
|---|---|
| fixed length control field | 01769nam a22002537a 4500 |
| 007 - PHYSICAL DESCRIPTION FIXED FIELD--GENERAL INFORMATION | |
| fixed length control field | cr|||| |||| |
| 008 - FIXED-LENGTH DATA ELEMENTS--GENERAL INFORMATION | |
| fixed length control field | 210826s2001 ca |||||s|||| 00||0 eng d |
| 020 ## - INTERNATIONAL STANDARD BOOK NUMBER | |
| International Standard Book Number | 9781552210093 |
| 035 ## - | |
| -- | 35247 |
| 040 ## - CATALOGING SOURCE | |
| Original cataloging agency | vLex |
| 090 ## - | |
| -- | 12142 |
| -- | 12142 |
| 100 1# - MAIN ENTRY--PERSONAL NAME | |
| Personal name | Mullan, David |
| 245 10 - TITLE STATEMENT | |
| Title | Administrative Law |
| Medium | [Recurso electrónico] / |
| Statement of responsibility, etc | David Mullan |
| 256 ## - | |
| -- | Servicio en línea |
| 260 ## - PUBLICATION, DISTRIBUTION, ETC. (IMPRINT) | |
| Place of publication, distribution, etc | Toronto: |
| Name of publisher, distributor, etc | Irwin Law Inc., |
| Date of publication, distribution, etc | 2001 |
| 300 ## - PHYSICAL DESCRIPTION | |
| Extent | 1 recurso electrónico |
| 500 ## - GENERAL NOTE | |
| General note | Shortlisted for the 2003 Walter Owen Book Prize. Administrative law probably touches each of us as citizens in more ways than any other area of law. It is the body of law that ensures that governments (and government officials) deal with us in a manner that is both lawful and fair. It governs the myriad of relationships that we, as citizens, have with our governments at every turn, from our dealings with Revenue Canada, to the application for a municipal building permit. David Mullan is one of Canadas leading scholars in the area of administrative law. His book not only provides a clear overview and analysis of this important field, it also explores the complex issues involved in balancing effective and efficient government with the protection of individual interests and concerns. |
| 506 1# - RESTRICTIONS ON ACCESS NOTE | |
| Terms governing access | Disponible solo en los productos indicados |
| Authorized users | vLex Global |
| -- | vLex Global (Academic Edition, excluding Law Schools) |
| -- | vLex Global (U.S. Academic Edition, Law Schools) |
| -- | vLex Global (U.S. Academic Edition, excluding Law Schools) |
| -- | vLex Global (Academic Edition, Law Schools) |
| 650 04 - SUBJECT ADDED ENTRY--TOPICAL TERM | |
| Topical term or geographic name as entry element | Derecho Público y Administrativo |
| Geographic subdivision | Canadá |
| 740 0# - | |
| -- | vLex Libros (Servicio en línea) |
| 856 40 - LOCALIZACIÓN Y ACCESO ELECTRÓNICO | |
| Identificador Uniforme del Recurso (URI/URL) | https://app.vlex.com/#/sources/35247 |
| 942 ## - | |
| -- | RAA |
| 999 ## - | |
| -- | 170378 |
| -- | 170378 |
No hay ítems disponibles.